| 000 | 00771nam a2200217Ii 4500 | ||
|---|---|---|---|
| 003 | JO-AjNU | ||
| 008 | 230605s9999||||xx |||||||||||||| ||und|| | ||
| 017 | _a85/3526 | ||
| 040 |
_aJO-AjNU _bara _erda _cJO-AjNU |
||
| 041 | _aara | ||
| 050 | 1 | 4 | _aBP173.756.R526 1985 |
| 100 | 3 |
_aالريس، محمد ضياء الدين, _eauthor _910482 |
|
| 245 | 0 | 0 | _aالخراج و النظم المالية للدولة الإسلامية |
| 250 | _aط5 | ||
| 264 | 3 | 1 | _aالقاهرة: مكتبة دار التراث، 1985 |
| 300 |
_a534ص _bيتضمن المراجع (ص517-534) |
||
| 336 |
_atext _btxt _2rdacontent |
||
| 337 |
_aunmediated _bn _2rdamedia |
||
| 338 |
_avolume _bnc _2rdacarrier |
||
| 650 | 4 |
_aالخراج- النظام المالي في الاسلام _910483 |
|
| 999 |
_aA1828 _c5396 _d5396 |
||